000 00855nam a2200169 a 4500
008 180924s9999 ||||||||||||||||| || u
050 _aUNDP(02)2014/1
110 _aUnited Nations Development Programme (UNDP)
245 1 4 _aThe Gambia, MDG acceleration framework: improving agricultural productivity and food security
_cby United Nations Development Program [UNDP]
260 _aNew York
_bUnited Nations Development Programme (UNDP)
_c
300 _avii, 68 pages : illustration
650 _aAGRICULTURE AND STATE--GAMBIA
650 _aMILLENNIUM DEVELOPMENT GOALS--GAMBIA
650 _aAGRICULTURE--ECONOMIC ASPECTS--GAMBIA
650 _aAGRICULTURAL PRODUCTIVITY--AFRICA
995 _FCBU-MAIN LIBRARY (Kitwe)
_M1
_UAVAILABLE
_WSep 24, 2018
_XUnited Nations Development Programme
_ZUniversity Collection
999 _c44289
_d44289